Statistics for 100 Largest Cities in Croatia

Click here to take the quiz!

General Stats

  • This quiz has been taken 121 times
  • The average score is 38 of 100

Answer Stats

City% Correct
Zagreb
100%
Split
99%
Dubrovnik
97%
Rijeka
94%
Zadar
94%
Pula
93%
Osijek
89%
Sibenik
87%
Karlovac
81%
Slavonski Brod
81%
Vukovar
79%
Sisak
74%
Varazdin
74%
Makarska
67%
Virovitica
67%
Cakovec
66%
Knin
66%
Krk
66%
Pozega
61%
Rovinj
61%
Velika Gorica
61%
Bjelovar
60%
Sinj
60%
Porec
59%
Trogir
59%
Umag
57%
Gospic
56%
Opatija
56%
Daruvar
51%
Ogulin
51%
Senj
51%
Petrinja
50%
Beli Manastir
49%
Dakovo
47%
Omis
47%
Pazin
47%
Zapresic
47%
Kastela
46%
Kutina
46%
Korcula
44%
Krapina
44%
Labin
44%
Nova Gradiska
43%
Solin
43%
Metkovic
41%
Biograd na Moru
40%
Imotski
40%
Slatina
37%
Zupanja
37%
Krizevci
36%
Ploce
34%
Nasice
33%
Otocac
33%
Vodice
33%
Benkovac
31%
Crikvenica
30%
Ivanic-Grad
27%
Drnis
26%
Novska
26%
Glina
24%
Sveta Nedelja
24%
Vrbovec
24%
Mali Losinj
23%
Belisce
21%
Jastrebarsko
21%
Duga Resa
20%
Valpovo
19%
Cazma
17%
Donji Miholjac
17%
Sveti Ivan Zelina
17%
Buzet
16%
Novi Marof
16%
Zabok
16%
Bakar
14%
Durdevac
14%
Ivanec
14%
Kastav
14%
Popovaca
14%
Pakrac
13%
Vrgorac
13%
Ludbreg
11%
Garesnica
10%
Mursko Sredisce
10%
Ozalj
10%
Samobar
10%
Dugo Sela
9%
Oroslavje
9%
Prelog
9%
Rob
9%
Vinkovici
9%
Grubisno Polje
7%
Koprivnika
7%
Pleternica
7%
Varazdinske Toplice
7%
Vodnjan
7%
Lepoglava
6%
Zlatar
6%
Donja Stubica
4%
Pregrada
4%
Trilij
0%

Score Distribution

Percentile by Number Answered

Percent of People with Each Score

Your Score History

You have not taken this quiz